Culture Générale - Série 148 - Statistiques

Statistiques générales
  • Ce quiz a été pris 314 fois
  • Le résultat moyen est 4 sur 10
Statistiques - réponses
Question Réponse % Correct
Quel est le fruit de l'arachide ? Cacahouète
84%
De quel Etat des Etats-Unis la ville d'Indianapolis est-elle la capitale ? Indiana
66%
Quel inspecteur de police poursuit Jean Valjean dans "Les Misérables" ? Javert
57%
En 1986, quel adjectif qualifie la "nuit" chantée par Catherine Lara ? Magique
44%
Qui "vient nous servir à boire" dans une chanson militaire de 1914 ? Madelon
35%
Quel adjectif qualifie le petit diable de la comtesse de Ségur ? Bon
31%
Quel chanteur italien fait un succès avec "Gloria" en 1979 ? Umberto Tozzi
23%
Sous quel nom est plus connu le Néerlandais Wouter Levenbach ? Dave
22%
Dans sa chanson, où se trouvait la "Jolie poupée" de Bernard Menez ? Sur son doigt
20%
A quel héros de Victor Hugo doit-on la phrase : "Bon appétit, messieurs !" ? Ruy Blas
10%
Aucun quiz correspondant
Distribution des résultats
% des personnes avec chaque résultat
Percentile par nombre de réponses
Votre historique - résultats
Vous n’avez pas pris ce quiz